[Event "Saint Affrique op 22nd"]
[Site "Saint Affrique"]
[Date "2014.07.26"]
[Round "9"]
[White "Soissong, Elzbieta"]
[Black "Coquelle, Arnaud"]
[Result "0-1"]
[WhiteElo "1620"]
[BlackElo "1760"]
[PlyCount "80"]
[EventDate "2014.07.19"]
[EventType "swiss"]
[EventRounds "9"]
[EventCountry "FRA"]
[SourceTitle "CBM 161 Extra"]
[Source "ChessBase"]
[SourceDate "2014.08.29"]
[SourceVersion "1"]
[SourceVersionDate "2014.08.29"]
[SourceQuality "1"]

1. d4 c6 2. Nf3 d5 3. e3 Bf5 4. Nbd2 Nf6 5. c4 e6 6. Qb3 Qc7 7. Be2 Nbd7 8. 0-0 Be7 9. Re1 0-0 10. Nf1 Ne4 11. Ng3 Nxg3 12. hxg3 Qb6 13. Bd2 Qxb3 14. axb3 h6 15. Ra2 Nf6 16. Rea1 a6 17. b4 dxc4 18. Bxc4 Rad8 19. b5 cxb5 20. Ba5 bxc4 21. Bxd8 Rxd8 22. Ne5 Bc2 23. Rc1 Bb3 24. Raa1 Rc8 25. f3 Bb4 26. e4 Bd2 27. Rf1 Be3+ 28. Kh2 Bxd4 29. Ng4 Nxg4+ 30. fxg4 Bxb2 31. Ra5 c3 32. g5 hxg5 33. Rxg5 c2 34. Rf4 Bc1 35. Rxg7+ Kxg7 36. Rg4+ Kf6 37. Rh4 Be3 38. g4 c1Q 39. Rh5 Bf4+ 40. g3 Rc2+ 0-1

[Event "Troyes Lallemand Memorial op"]
[Site "Troyes"]
[Date "2014.06.14"]
[Round "1"]
[White "Milliet, Sophie"]
[Black "Soissong, Elzbieta"]
[Result "1-0"]
[WhiteElo "2388"]
[BlackElo "1620"]
[PlyCount "69"]
[EventDate "2014.06.14"]
[EventType "swiss (rapid)"]
[EventRounds "9"]
[EventCountry "FRA"]
[SourceTitle "EXT 2015"]
[Source "ChessBase"]
[SourceDate "2014.11.20"]
[SourceVersion "1"]
[SourceVersionDate "2014.11.20"]
[SourceQuality "1"]

1. e4 d5 2. exd5 Qxd5 3. Nc3 Qa5 4. d4 Nf6 5. Bd2 c6 6. Bc4 Qc7 7. Nf3 Bg4 8. h3 Bh5 9. g4 Bg6 10. Ne5 Nbd7 11. Qe2 e6 12. h4 Nxe5 13. dxe5 Nd5 14. h5 Bxc2 15. Rc1 Nxc3 16. Bxc3 Ba4 17. b3 Bb5 18. Bxb5 cxb5 19. Qxb5+ Qc6 20. Qxc6+ bxc6 21. Bd4 Bb4+ 22. Ke2 Kd7 23. Rhd1 Rhc8 24. Bc5+ Ke8 25. Bxb4 a5 26. Bc5 f6 27. h6 fxe5 28. hxg7 Kf7 29. Bf8 a4 30. b4 Rab8 31. Rh1 Kg8 32. g5 Rb5 33. g6 hxg6 34. Rh8+ Kf7 35. g8Q+ 1-0

[Event "FRA-chT2 1011"]
[Site "France"]
[Date "2010.11.13"]
[Round "2.8"]
[White "Tournay, Angelina"]
[Black "Soissong, Elzbieta"]
[Result "0-1"]
[WhiteElo "1660"]
[BlackElo "1688"]
[PlyCount "58"]
[EventDate "2010.10.17"]
[EventType "team-tourn"]
[EventRounds "11"]
[EventCountry "FRA"]
[SourceTitle "EXT 2012"]
[Source "ChessBase"]
[SourceDate "2011.11.24"]
[SourceVersion "1"]
[SourceVersionDate "2011.11.24"]
[SourceQuality "1"]

1. e4 e5 2. Nc3 Nf6 3. Bc4 Bc5 4. d3 0-0 5. Bg5 d6 6. Qd2 c6 7. a3 b5 8. Ba2 Nbd7 9. Nge2 Qb6 10. Be3 Bxe3 11. fxe3 Nc5 12. 0-0 Be6 13. b4 Ncd7 14. Ng3 Bxa2 15. Nxa2 d5 16. exd5 cxd5 17. Qe2 Rfe8 18. Nc3 Rac8 19. Nd1 Nf8 20. Nf2 Rc6 21. Nf5 Ng6 22. Nh3 Rec8 23. Ra2 Rc3 24. Ng5 h6 25. Nf3 R8c7 26. Kh1 Qe6 27. N3h4 Nxh4 28. Nxh4 d4 29. e4 Qxa2 0-1

[Event "FRA-chT2 West 0809"]
[Site "France"]
[Date "2009.03.15"]
[Round "9.8"]
[White "Cureau, Christian"]
[Black "Soissong, Elzbieta"]
[Result "1/2-1/2"]
[WhiteElo "1423"]
[BlackElo "1683"]
[PlyCount "51"]
[EventDate "2008.10.19"]
[EventType "team-tourn"]
[EventRounds "11"]
[EventCountry "FRA"]
[SourceTitle "EXT 2010"]
[Source "ChessBase"]
[SourceDate "2010.11.25"]
[SourceVersion "1"]
[SourceVersionDate "2010.11.25"]
[SourceQuality "1"]
[WhiteTeam "Saint Quentin"]
[BlackTeam "Echiquier Bordelais"]
[WhiteTeamCountry "FRA"]
[BlackTeamCountry "FRA"]

1. d4 Nf6 2. c4 c5 3. Nc3 cxd4 4. Qxd4 Nc6 5. Qd1 d6 6. e4 g6 7. Nf3 Bg7 8. Be2 Bg4 9. 0-0 0-0 10. Be3 Nd7 11. a3 Nb6 12. c5 dxc5 13. Bxc5 Nd7 14. Be3 e6 15. h3 Bxf3 16. Bxf3 Nde5 17. Be2 Qe7 18. Qc2 Rfd8 19. Rfd1 Nd7 20. Rac1 Rac8 21. Qb3 b6 22. Bb5 Nc5 23. Rxd8+ Rxd8 24. Bxc5 Qxc5 25. Ne2 Nd4 26. Rxc5 1/2-1/2